00539nam a2200145Ia 4500008004100000020001800041041000800059082001900067100004100086245017600127250000600303260005100309300001300360650002000373210716s2016 xx 000 0 und d a9788122433470 aeng a621.38212 DASJ aDas, J;Mullick, S K;Chatterjee, P K. aPrinciples of digital communication: signal representation detection estimation and information coding.bSignal representation detection estimation and information coding. a2 aNew DelhibNew Age International Pvt Ltdc2016 axiii,603 aDigital Systems